00366nam a2200109Ia 4500082001200000245002900012100005300041942000700094008004100101999001900142952009500161 aAF BRIE 0aDie laaste legkaartstuk  a BRIEL, Elsa Pretoria, 2001 1ste druk 98325 cBK210817s9999 xx 000 0 und d c229149d229148 00104070aEMALLbEMALLd2021-08-18g38.12l0p33228012204622r2021-08-18w2021-08-18yBK